| 000 | 00645cam a2200229 4500500 | ||
|---|---|---|---|
| 005 | 20260405002910.0 | ||
| 041 | _afre | ||
| 042 | _adc | ||
| 100 | 1 | 0 |
_aLacroix, Samuel _eauthor |
| 245 | 0 | 0 | _aPourquoi nous tatouons-nous ? |
| 260 | _c2019. | ||
| 500 | _a50 | ||
| 690 | _aBaudrillard | ||
| 690 | _aClaude Lévi-Strauss | ||
| 690 | _aCorps | ||
| 690 | _aHegel | ||
| 690 | _aPeau | ||
| 690 | _aSlavoj Žižek | ||
| 690 | _aTatouage | ||
| 786 | 0 | _nPhilosophie magazine | 128 | 4 | 2019-04-01 | p. 36-36 | 1951-1787 | |
| 856 | 4 | 1 | _uhttps://shs.cairn.info/magazine-philosophie-magazine-2019-4-page-36?lang=fr&redirect-ssocas=7080 |
| 999 |
_c2062265 _d2062265 |
||